000 00459nam a2200193Ia 4500
003 GCL
008 140319s9999 xx 000 0 eng d
040 _aGCL /
_cGCL
082 0 4 _a759
_bP E
100 1 _aPRESTON, STUART
245 1 0 _aEDOUARD VUILLARD /
_cPRESTON, STUART
260 _a[S.N] :
_bTHAMES AND HUDSON ،
_c1985
300 _a128 PP
650 0 4 _aARTS
650 0 4 _aPAINTING
650 0 4 _aPAINTERS
650 0 4 _aVUILLARD
942 _2ddc
_cBK
999 _c18859
_d18859